South Eastern Kenya University

Library Online Public Access Catalogue


Rain making : (Record no. 9024)

MARC details
000 -LEADER
fixed length control field 00387cam a2200133 a 4500
020 ## - ISBN
International Standard Book Number 1558504206 :
Terms of availability $12.95
050 00 - LIBRARY OF CONGRESS CALL NUMBER
Classification Number HD8038.A1
Item Number H37 1994
100 1# - MAIN ENTRY--Author
Personal name Harding, Ford.
245 10 - TITLE
Title Rain making :
Remainder of title the professional's guide to attracting new clients /
Statement of responsibility, etc Ford Harding.
260 ## - PUBLICATION, DISTRIBUTION, ETC.(IMPRINT)
Place of publication, distribution, etc Holbrook, Mass. :
Name of publisher, distributor, etc Bob Adams,
Date of publication, distribution, etc c1994.
300 ## - PHYSICAL DESCRIPTION
Extent 287 p. :
650 #0 - SUBJECT--TOPIC
General subdivision Marketing.
942 ## - ADDED ENTRY ELEMENTS(KOHA)
Source of classification or shelving scheme Library of Congress Classification
Koha item type General circulation
Holdings
Source of classification or shelving scheme Not for loan Location (home branch) Sublocation (holding branch) Shelving location Date accessioned Full call number Barcode Koha item type Public note
Library of Congress Classification   Mtito Andei Centre Library Main Campus Library   17/09/2015 HD8038.A1 H37 1994 2015/005818 General circulation amm
Kitui, Kenya.
+254736116989
library@seku.ac.ke